LEADER 00992nam0 2200289 450 001 000034164 005 20130130140618.0 010 $a978-88-13-31461-3 100 $a20130115d2012----km-y0itaa50------ba 101 0 $aita 102 $aIT 200 1 $aDisegni e modelli$fPhilipp Fabbio 210 $a[Assago] (MI)$cCedam$d2012 215 $aXIV, 194 p.$d24 cm. 606 1 $aProprietà industriale$xLegislazione 606 2 $aDesign$xTutela giuridica 676 $a346.0484$v(22. ed.)$9Tutela dei disegni e modelli industriali 700 1$aFabbio,$bPhilipp$0300069 801 0$aIT$bUniversità della Basilicata - B.I.A.$gRICA$2unimarc 912 $a000034164 996 $aDisegni e modelli$996435 997 $aUNIBAS BAS $aINGEGNERIA CAT $aTTM$b30$c20130115$lBAS01$h1608 CAT $aTTM$b30$c20130130$lBAS01$h1406 FMT Z30 -1$lBAS01$LBAS01$mBOOK$1BASA2$APolo Tecnico-Scientifico$2DID$BDidattica$3PTS.s2.p21.8$6111742$5T111742$820130130$eXL$f98$FConsultazione LEADER 01203nam2 2200301 450 001 000034830 005 20130527123046.0 100 $a20130527d1966----km-y0itaa50------ba 101 0 $ager 102 $aAT 200 1 $aDrama$fherausgegeben von Heinz Kindermann und Margret Dietrich$ggesamtredaktion Elisabeth Schmitz-Mayr-Harting 210 $aWien ; München$cÖsterreichischer Bundesverlag für Unterricht, Wissenschaft und Kunst$d1966 215 $a92, 1252 p., [15] carte di tav.$cill.$d24 cm. 461 1$1001000033967$12001$aDichtung aus Österreich$v1 606 1 $aLetteratura tedesca$xAntologie 676 $a838$v(22. ed.)$9Miscellanea tedesca 702 1$aKindermann,$bHeinz 702 1$aDietrich,$bMargaret 702 1$aSchmitz-Mayr-Harting,$bElisabeth 801 0$aIT$bUniversità della Basilicata - B.I.A.$gREICAT$2unimarc 912 $a000034830 996 $aDrama$997380 997 $aUNIBAS BAS $aLETTERE CAT $aTTM$b30$c20130527$lBAS01$h1145 CAT $aTTM$b30$c20130527$lBAS01$h1230 FMT Z30 -1$lBAS01$LBAS01$mBOOK$1BASA1$APolo Storico-Umanistico$2FMAS$BFondo Masini$3FMas/817/4126$6817/4126$5B817/4126$820130527$f02$FPrestabile Generale$hVol. 1